<?xml version="1.0" encoding="UTF-8"?>
<record
    xmlns:xsi="http://www.w3.org/2001/XMLSchema-instance"
    xsi:schemaLocation="http://www.loc.gov/MARC21/slim http://www.loc.gov/standards/marcxml/schema/MARC21slim.xsd"
    xmlns="http://www.loc.gov/MARC21/slim">

  <leader>03441nam0a2200385   4500</leader>
  <controlfield tag="001">RU\NLR\bibl\270793</controlfield>
  <controlfield tag="005">20260407074601.0</controlfield>
  <datafield tag="021" ind1=" " ind2=" ">
    <subfield code="a">RU</subfield>
    <subfield code="b">2001-62258</subfield>
    <subfield code="9">3034</subfield>
  </datafield>
  <datafield tag="035" ind1=" " ind2=" ">
    <subfield code="a">(NLR Aleph) 000266336</subfield>
  </datafield>
  <datafield tag="090" ind1=" " ind2=" ">
    <subfield code="a">1556585</subfield>
    <subfield code="c">1556585</subfield>
  </datafield>
  <datafield tag="100" ind1=" " ind2=" ">
    <subfield code="a">20020426d2001    |||y0rusy50      ca</subfield>
  </datafield>
  <datafield tag="101" ind1="0" ind2=" ">
    <subfield code="a">rus</subfield>
    <subfield code="a">eng</subfield>
  </datafield>
  <datafield tag="102" ind1=" " ind2=" ">
    <subfield code="a">RU</subfield>
  </datafield>
  <datafield tag="105" ind1=" " ind2=" ">
    <subfield code="a">a   |||||||||</subfield>
  </datafield>
  <datafield tag="200" ind1="1" ind2=" ">
    <subfield code="a">II &#x440;&#x43E;&#x441;&#x441;&#x438;&#x439;&#x441;&#x43A;&#x43E;-&#x430;&#x432;&#x441;&#x442;&#x440;&#x430;&#x43B;&#x438;&#x439;&#x441;&#x43A;&#x430;&#x44F; &#x43A;&#x43E;&#x43D;&#x444;&#x435;&#x440;&#x435;&#x43D;&#x446;&#x438;&#x44F; "&#x410;&#x43A;&#x442;&#x443;&#x430;&#x43B;&#x44C;&#x43D;&#x44B;&#x435; &#x43F;&#x440;&#x43E;&#x431;&#x43B;&#x435;&#x43C;&#x44B; &#x43E;&#x43A;&#x430;&#x437;&#x430;&#x43D;&#x438;&#x44F; &#x43F;&#x43E;&#x43C;&#x43E;&#x449;&#x438; &#x434;&#x435;&#x442;&#x44F;&#x43C; &#x441; &#x43D;&#x430;&#x441;&#x43B;&#x435;&#x434;&#x441;&#x442;&#x432;&#x435;&#x43D;&#x43D;&#x43E;&#x439; &#x438; &#x432;&#x440;&#x43E;&#x436;&#x434;&#x435;&#x43D;&#x43D;&#x43E;&#x439; &#x43F;&#x430;&#x442;&#x43E;&#x43B;&#x43E;&#x433;&#x438;&#x435;&#x439; &#x43E;&#x43F;&#x43E;&#x440;&#x43D;&#x43E;-&#x434;&#x432;&#x438;&#x433;&#x430;&#x442;&#x435;&#x43B;&#x44C;&#x43D;&#x43E;&#x433;&#x43E; &#x430;&#x43F;&#x43F;&#x430;&#x440;&#x430;&#x442;&#x430;. &#x41E;&#x440;&#x442;&#x43E;&#x43F;&#x435;&#x434;&#x43E;-&#x445;&#x438;&#x440;&#x443;&#x440;&#x433;&#x438;&#x447;&#x435;&#x441;&#x43A;&#x438;&#x435;, &#x43D;&#x435;&#x432;&#x440;&#x43E;&#x43B;&#x43E;&#x433;&#x438;&#x447;&#x435;&#x441;&#x43A;&#x438;&#x435; &#x438; &#x433;&#x435;&#x43D;&#x435;&#x442;&#x438;&#x447;&#x435;&#x441;&#x43A;&#x438;&#x435; &#x43F;&#x43E;&#x434;&#x445;&#x43E;&#x434;&#x44B;"</subfield>
    <subfield code="d">II russian-australian conference "Current problems of rendering assistance to children with a hereditary and inherent pathology of the locomotorium devices. Orthopaedo-sergical, neurological and genetic approaches"</subfield>
    <subfield code="z">eng</subfield>
  </datafield>
  <datafield tag="210" ind1=" " ind2=" ">
    <subfield code="a">&#x41C;.</subfield>
    <subfield code="c">&#x411;. &#x438;.</subfield>
    <subfield code="d">2001-2002</subfield>
  </datafield>
  <datafield tag="215" ind1=" " ind2=" ">
    <subfield code="a">112 &#x441;.</subfield>
    <subfield code="c">&#x438;&#x43B;.</subfield>
    <subfield code="d">21</subfield>
  </datafield>
  <datafield tag="300" ind1=" " ind2=" ">
    <subfield code="a">&#x412; &#x43D;&#x430;&#x434;&#x437;&#x430;&#x433;.: &#x41C;-&#x432;&#x43E; &#x437;&#x434;&#x440;&#x430;&#x432;&#x43E;&#x43E;&#x445;&#x440;&#x430;&#x43D;&#x435;&#x43D;&#x438;&#x44F; &#x41C;&#x43E;&#x441;&#x43A;. &#x43E;&#x431;&#x43B;., &#x41C;&#x43E;&#x441;&#x43A;. &#x43E;&#x431;&#x43B;. &#x434;&#x435;&#x442;. &#x43E;&#x440;&#x442;&#x43E;&#x43F;&#x435;&#x434;&#x43E;&#x445;&#x438;&#x440;&#x443;&#x440;&#x433;. &#x431;&#x43E;&#x43B;&#x44C;&#x43D;&#x438;&#x446;&#x430;, &#x41C;&#x43E;&#x441;&#x43A;. &#x43E;&#x431;&#x43B;. &#x434;&#x435;&#x442;. &#x43F;&#x441;&#x438;&#x445;&#x43E;&#x43D;&#x435;&#x432;&#x440;&#x43E;&#x43B;. &#x431;&#x43E;&#x43B;&#x44C;&#x43D;&#x438;&#x446;&#x430;, &#x413;&#x43E;&#x441;&#x43F;&#x438;&#x442;&#x430;&#x43B;&#x44C; &#x41C;&#x438;&#x43B;&#x43E;&#x441;&#x435;&#x440;&#x434;. &#x411;&#x43E;&#x433;&#x43E;&#x43C;&#x430;&#x442;&#x435;&#x440;&#x438;, &#x433;. &#x411;&#x440;&#x438;&#x441;&#x431;&#x435;&#x43D;, &#x410;&#x432;&#x441;&#x442;&#x440;&#x430;&#x43B;&#x438;&#x44F;, &#x420;&#x43E;&#x441;. &#x43C;&#x435;&#x436;&#x440;&#x435;&#x433;&#x438;&#x43E;&#x43D;. &#x430;&#x441;&#x441;&#x43E;&#x446;. "&#x41D;&#x430;&#x434;&#x435;&#x436;&#x434;&#x430;", &#x41A;&#x43E;&#x43C;. "&#x41D;&#x430;&#x434;&#x435;&#x436;&#x434;&#x430;" &#x420;&#x443;&#x441;. &#x43E;&#x431;&#x449;&#x438;&#x43D;&#x44B;, &#x433;. &#x411;&#x440;&#x438;&#x441;&#x431;&#x435;&#x43D;, &#x410;&#x432;&#x441;&#x442;&#x440;&#x430;&#x43B;&#x438;&#x44F;</subfield>
  </datafield>
  <datafield tag="300" ind1=" " ind2=" ">
    <subfield code="a">&#x422;&#x435;&#x43A;&#x441;&#x442; &#x43F;&#x430;&#x440;&#x430;&#x43B;. : &#x440;&#x443;&#x441;., &#x430;&#x43D;&#x433;&#x43B;.</subfield>
  </datafield>
  <datafield tag="320" ind1=" " ind2=" ">
    <subfield code="a">&#x411;&#x438;&#x431;&#x43B;&#x438;&#x43E;&#x433;&#x440;. &#x432; &#x43A;&#x43E;&#x43D;&#x446;&#x435; &#x434;&#x43E;&#x43A;&#x43B;.</subfield>
  </datafield>
  <datafield tag="510" ind1="1" ind2=" ">
    <subfield code="6">z01791</subfield>
    <subfield code="a">II russian-australian conference "Current problems of rendering assistance to children with a hereditary and inherent pathology of the locomotorium devices. Orthopaedo-sergical, neurological and genetic approaches"</subfield>
  </datafield>
  <datafield tag="606" ind1="0" ind2=" ">
    <subfield code="a">&#x41E;&#x43F;&#x43E;&#x440;&#x43D;&#x43E;-&#x434;&#x432;&#x438;&#x433;&#x430;&#x442;&#x435;&#x43B;&#x44C;&#x43D;&#x44B;&#x439; &#x430;&#x43F;&#x43F;&#x430;&#x440;&#x430;&#x442; &#x443; &#x434;&#x435;&#x442;&#x435;&#x439;</subfield>
    <subfield code="j">&#x421;&#x44A;&#x435;&#x437;&#x434;&#x44B;, &#x441;&#x43E;&#x432;&#x435;&#x449;&#x430;&#x43D;&#x438;&#x44F; &#x438; &#x442;.&#x43F;.</subfield>
    <subfield code="x">&#x411;&#x43E;&#x43B;&#x435;&#x437;&#x43D;&#x438;</subfield>
    <subfield code="x">&#x422;&#x435;&#x440;&#x430;&#x43F;&#x438;&#x44F;</subfield>
    <subfield code="9">1766594</subfield>
    <subfield code="3">RU\NLR\auth\66792903</subfield>
  </datafield>
  <datafield tag="606" ind1="0" ind2=" ">
    <subfield code="a">&#x41E;&#x43F;&#x43E;&#x440;&#x43D;&#x43E;-&#x434;&#x432;&#x438;&#x433;&#x430;&#x442;&#x435;&#x43B;&#x44C;&#x43D;&#x44B;&#x439; &#x430;&#x43F;&#x43F;&#x430;&#x440;&#x430;&#x442; &#x434;&#x435;&#x442;&#x435;&#x439;</subfield>
    <subfield code="j">&#x421;&#x44A;&#x435;&#x437;&#x434;&#x44B;, &#x441;&#x43E;&#x432;&#x435;&#x449;&#x430;&#x43D;&#x438;&#x44F; &#x438; &#x442;.&#x43F;.</subfield>
    <subfield code="x">&#x411;&#x43E;&#x43B;&#x435;&#x437;&#x43D;&#x438;</subfield>
    <subfield code="x">&#x422;&#x435;&#x440;&#x430;&#x43F;&#x438;&#x44F;</subfield>
    <subfield code="9">2255033</subfield>
    <subfield code="3">RU\NLR\auth\661352415</subfield>
  </datafield>
  <datafield tag="610" ind1="0" ind2=" ">
    <subfield code="a">&#x41E;&#x43F;&#x43E;&#x440;&#x43D;&#x43E;-&#x434;&#x432;&#x438;&#x433;&#x430;&#x442;&#x435;&#x43B;&#x44C;&#x43D;&#x44B;&#x439; &#x430;&#x43F;&#x43F;&#x430;&#x440;&#x430;&#x442; &#x434;&#x435;&#x442;&#x435;&#x439; - &#x411;&#x43E;&#x43B;&#x435;&#x437;&#x43D;&#x438; - &#x41B;&#x435;&#x447;&#x435;&#x43D;&#x438;&#x435;</subfield>
  </datafield>
  <datafield tag="675" ind1=" " ind2=" ">
    <subfield code="a">616.71-007-053.1-082(082)</subfield>
    <subfield code="v">3</subfield>
    <subfield code="z">rus</subfield>
  </datafield>
  <datafield tag="686" ind1=" " ind2=" ">
    <subfield code="a">76.29</subfield>
    <subfield code="2">rugasnti</subfield>
  </datafield>
  <datafield tag="686" ind1=" " ind2=" ">
    <subfield code="a">54.18</subfield>
    <subfield code="2">rubbk</subfield>
  </datafield>
  <datafield tag="686" ind1=" " ind2=" ">
    <subfield code="a">&#x420;733.418-&#x44F;431(0)</subfield>
  </datafield>
  <datafield tag="710" ind1="1" ind2="2">
    <subfield code="a">"&#x410;&#x43A;&#x442;&#x443;&#x430;&#x43B;&#x44C;&#x43D;&#x44B;&#x435; &#x43F;&#x440;&#x43E;&#x431;&#x43B;&#x435;&#x43C;&#x44B; &#x43E;&#x43A;&#x430;&#x437;&#x430;&#x43D;&#x438;&#x44F; &#x43F;&#x43E;&#x43C;&#x43E;&#x449;&#x438; &#x434;&#x435;&#x442;&#x44F;&#x43C; &#x441; &#x43D;&#x430;&#x441;&#x43B;&#x435;&#x434;&#x441;&#x442;&#x432;&#x435;&#x43D;&#x43D;&#x43E;&#x439; &#x438; &#x432;&#x440;&#x43E;&#x436;&#x434;&#x435;&#x43D;&#x43D;&#x43E;&#x439; &#x43F;&#x430;&#x442;&#x43E;&#x43B;&#x43E;&#x433;&#x438;&#x435;&#x439; &#x43E;&#x43F;&#x43E;&#x440;&#x43D;&#x43E;-&#x434;&#x432;&#x438;&#x433;&#x430;&#x442;&#x435;&#x43B;&#x44C;&#x43D;&#x43E;&#x433;&#x43E; &#x430;&#x43F;&#x43F;&#x430;&#x440;&#x430;&#x442;&#x430;. &#x41E;&#x440;&#x442;&#x43E;&#x43F;&#x435;&#x434;&#x43E;-&#x445;&#x438;&#x440;&#x443;&#x440;&#x433;&#x438;&#x447;&#x435;&#x441;&#x43A;&#x438;&#x435;, &#x43D;&#x435;&#x432;&#x440;&#x43E;&#x43B;&#x43E;&#x433;&#x438;&#x447;&#x435;&#x441;&#x43A;&#x438;&#x435; &#x438; &#x433;&#x435;&#x43D;&#x435;&#x442;&#x438;&#x447;&#x435;&#x441;&#x43A;&#x438;&#x435; &#x43F;&#x43E;&#x434;&#x445;&#x43E;&#x434;&#x44B;", &#x440;&#x43E;&#x441;&#x441;&#x438;&#x439;&#x441;&#x43A;&#x43E;-&#x430;&#x432;&#x441;&#x442;&#x440;&#x430;&#x43B;&#x438;&#x439;&#x441;&#x43A;&#x430;&#x44F; &#x43A;&#x43E;&#x43D;&#x444;&#x435;&#x440;&#x435;&#x43D;&#x446;&#x438;&#x44F;</subfield>
    <subfield code="d">2</subfield>
    <subfield code="f">2001-2002</subfield>
    <subfield code="e">&#x41C;&#x43E;&#x441;&#x43A;&#x432;&#x430;</subfield>
    <subfield code="3">RU\NLR\AUTH\8810038639</subfield>
    <subfield code="9">576150</subfield>
  </datafield>
  <datafield tag="791" ind1="1" ind2="2">
    <subfield code="8">eng</subfield>
    <subfield code="a">"Current problems of rendering assistance to children with a hereditary and inherent pathology of the locomototium devices. Orthopaedo-sergical, neurological and genetic approaches", russian-australian conference</subfield>
    <subfield code="d">2</subfield>
    <subfield code="f">2001-2002</subfield>
    <subfield code="e">Moscow</subfield>
    <subfield code="7">ba</subfield>
    <subfield code="3">RU\NLR\auth\8810038640</subfield>
    <subfield code="9">576152</subfield>
  </datafield>
  <datafield tag="801" ind1=" " ind2="0">
    <subfield code="a">RU</subfield>
    <subfield code="b">RKP</subfield>
    <subfield code="c">20020426</subfield>
    <subfield code="g">PSBO</subfield>
  </datafield>
  <datafield tag="801" ind1=" " ind2="1">
    <subfield code="a">RU</subfield>
    <subfield code="b">RKP</subfield>
    <subfield code="c">20020426</subfield>
  </datafield>
  <datafield tag="801" ind1=" " ind2="2">
    <subfield code="a">RU</subfield>
    <subfield code="b">NLR</subfield>
    <subfield code="c">20020828</subfield>
    <subfield code="g">rcr</subfield>
  </datafield>
  <datafield tag="942" ind1=" " ind2=" ">
    <subfield code="c">BOOK</subfield>
  </datafield>
  <datafield tag="980" ind1=" " ind2=" ">
    <subfield code="a">NB</subfield>
  </datafield>
  <datafield tag="995" ind1=" " ind2=" ">
    <subfield code="5">2002-06-03</subfield>
    <subfield code="a">ad</subfield>
    <subfield code="b">NLR01</subfield>
    <subfield code="c">NLR01</subfield>
    <subfield code="e">RF8</subfield>
    <subfield code="f">277512</subfield>
    <subfield code="k">2002-3/15966</subfield>
    <subfield code="o">0</subfield>
    <subfield code="r">BOOK</subfield>
    <subfield code="s">2002315966_</subfield>
  </datafield>
  <datafield tag="995" ind1=" " ind2=" ">
    <subfield code="5">2002-06-03</subfield>
    <subfield code="a">ad</subfield>
    <subfield code="b">NLR01</subfield>
    <subfield code="c">NLR01</subfield>
    <subfield code="e">RF8</subfield>
    <subfield code="f">277513</subfield>
    <subfield code="k">2002-3/15966</subfield>
    <subfield code="o">0</subfield>
    <subfield code="r">BOOK</subfield>
    <subfield code="s">2002315966_</subfield>
  </datafield>
</record>
